Missouri Superlatives - Statistics

General Stats
  • This quiz has been taken 17 times
  • The average score is 8 of 13
Answer Stats
Hint Answer % Correct
Largest City Kansas City
100%
Longest River Missouri
100%
Busiest Airport St. Louis Lambert International Airport
100%
Largest four-year college or university (by total enrollment) University of Missouri
100%
Largest County (Population) St. Louis
92%
All-Time Highest Recorded Temperature (°F) 118°F (Warsaw and Union)
67%
All-Time Lowest Recorded Temperature (°F) -40°F (Warsaw)
58%
Tallest Monument Gateway Arch
58%
Oldest continuously inhabited settlement Ste. Genevieve
42%
Highest Point Taum Sauk Mountain
25%
Largest County (Area) Texas
25%
Largest Lake Truman Reservoir
25%
Lowest Point St. Francis River at southern Arkansas border
17%
No matching quizzes found
Score Distribution
Percent of People with Each Score
Percentile by Number Answered
Your Score History
You have not taken this quiz